000 00222 a2200097 4500
001 41359
100 _aMattews, P
245 _aTrack & field athectics
260 _aLondon
_bGuinness suporlative
_c
090 _c25539
_d25539
942 _aNUST-CAE
_cM
_c17268
999 _c276432
_d276432